|
|
|
|
| LEADER |
00000caa a22000002c 4500 |
| 001 |
1636839223 |
| 003 |
DE-627 |
| 005 |
20220608113543.0 |
| 007 |
tu |
| 008 |
140312s1987 xx ||||| 00| ||ger c |
| 035 |
|
|
|a (DE-627)1636839223
|
| 035 |
|
|
|a (DE-576)402204840
|
| 035 |
|
|
|a (DE-599)BSZ402204840
|
| 040 |
|
|
|a DE-627
|b ger
|c DE-627
|e rakwb
|
| 041 |
|
|
|a ger
|
| 100 |
1 |
|
|a Rafter, Nicole H.
|4 aut
|
| 245 |
1 |
0 |
|a Even in prison, women are second-class citizens
|c Nicole H. Rafter
|
| 264 |
|
1 |
|c 1987
|
| 336 |
|
|
|a Text
|b txt
|2 rdacontent
|
| 337 |
|
|
|a ohne Hilfsmittel zu benutzen
|b n
|2 rdamedia
|
| 338 |
|
|
|a Band
|b nc
|2 rdacarrier
|
| 773 |
0 |
8 |
|i In
|t Human rights
|d New York, NY : Assoc., 1970
|g 14(1987), 2, Seite 28-31
|w (DE-627)130634298
|w (DE-600)799241-5
|w (DE-576)252012372
|x 0046-8185
|7 nnas
|
| 773 |
1 |
8 |
|g volume:14
|g year:1987
|g number:2
|g pages:28-31
|
| 951 |
|
|
|a AR
|
| ELC |
|
|
|b 1
|
| LOK |
|
|
|0 000 xxxxxcx a22 zn 4500
|
| LOK |
|
|
|0 001 3294600119
|
| LOK |
|
|
|0 003 DE-627
|
| LOK |
|
|
|0 004 1636839223
|
| LOK |
|
|
|0 005 20140312102933
|
| LOK |
|
|
|0 008 140312||||||||||||||||ger|||||||
|
| LOK |
|
|
|0 040
|a DE-21-110
|c DE-627
|d DE-21-110
|
| LOK |
|
|
|0 689
|a s
|a Frauenstrafvollzug
|
| LOK |
|
|
|0 852
|z Kein Bestand am IfK; Nachweis für KrimDok
|
| LOK |
|
|
|0 852
|a DE-21-110
|
| LOK |
|
|
|0 852 1
|m v
|9 00
|
| LOK |
|
|
|0 935
|a k110
|
| LOK |
|
|
|0 938
|k v
|
| LOK |
|
|
|0 939
|a 12-03-14
|b l01
|
| ORI |
|
|
|a SA-MARC-krimdoka001.raw
|